| 000 | 01912nam a22003257a 4500 | ||
|---|---|---|---|
| 001 | BRCA_9208 | ||
| 003 | FranzMayer | ||
| 005 | 20220809125737.0 | ||
| 008 | 220720b |||||||| |||| 00| 0 eng d | ||
| 020 | _a9786073029544 | ||
| 040 |
_bspa _cMFM |
||
| 041 | _aspa | ||
| 050 |
_aZ210. _bT73 2021 |
||
| 245 | 0 | 0 |
_aTradición de tinta en la Biblioteca Nacional : _bhistoria del libro en México : siglos XVI al XXI |
| 260 |
_aCiudad de México : _bUniversidad Nacional Autónoma de México, Instituto de Investigaciones Bibliográficas, _c2021 |
||
| 300 |
_a261 p. : _bil. fot. map. ; _c22 x 22 cm. |
||
| 500 | _aUbicación: L60-N1 | ||
| 500 | _aIncluye tabla de contenido (pp. 8-9) | ||
| 520 |
_aEsta obra comprende desde los albores de la cultura escrita e impresa de la Nueva España hasta los años de la producción de los libros electrónicos, blogs y otras modalidades de la era digital. _bEsta obra es resultado de una exposición que se presentó en tres momentos en 2017; consistió en cuatro segmentos distribuidos de la siguiente forma: primero se inauguraron dos salas correspondientes a los siglos XVI al XVII y XVIII hasta los albores del XIX. Posteriormente, se abrieron tres salas más, que correspondieron a los siglos XIX y XX al XXI, en las que incluyó en la parte final una línea del tiempo que resumía las editoriales más importantes de este último periodo. - Dr. Pablo Mora, Biblioteca Nacional de México, UNAM |
||
| 650 |
_aLibros _xHistoria _zMéxico |
||
| 650 |
_aImprenta _xHistoria _zMéxico _95745 |
||
| 650 |
_aLibrerías _xHistoria _zMéxico _95846 |
||
| 650 |
_aManuscritos mexicanos _9781 |
||
| 700 |
_aCésar Manrique Figueroa, _ecoord. _928465 |
||
| 700 |
_aLilia Vieyra Sánchez, _ecoord. _928467 |
||
| 700 |
_aIrma Lombardo García ; _ecoord. _928468 |
||
| 700 |
_aMarina Garone Gravier [y otros]. _einv. _928466 |
||
| 942 |
_2lcc _cB |
||
| 999 |
_c10827 _d10827 |
||